MARC

LEADER 00000nam0a2200000 4500
001 251110
005 20231101232627.0
010 |a 5235015932 
035 |a (RuTPU)RU\TPU\book\273366 
090 |a 251110 
100 |a 20140219d1990 m y0rusy50 ca 
101 0 |a rus 
102 |a RU 
105 |a a z 000ay 
200 1 |a Последний фаворит  |e роман-хроника  |f Л. Жданов  |g под ред. О. Курган 
210 |a Ленинград  |c "Петергоф"  |d 1990 
215 |a 368 с.  |c ил. 
600 0 |a Екатерина Великая  |d II  |f 1729-1796  |c российская императрица (1762-1796)  |c урожденная принцесса Софья Фредерика Августа Ангальт-Цербстская  |2 stltpush  |3 (RuTPU)RU\TPU\pers\98 
606 1 |a Русская литература, дореволюционная  |2 stltpush  |3 (RuTPU)RU\TPU\subj\26371  |9 50314 
610 1 |a русская литература 
610 1 |a художественная литература 
610 1 |a романы 
610 1 |a хроники 
610 1 |a императорские династии 
610 1 |a императрицы 
610 1 |a придворная жизнь 
610 1 |a фавориты 
675 |a Р1  |v 3 
700 1 |a Жданов  |b Л.  |c настоящая фамилия Гельман Лев Григорьевич  |c романист  |c драматург  |f 1864-1951  |g Лев  |2 stltpush  |3 (RuTPU)RU\TPU\pers\24163  |4 070  |9 10682 
702 1 |a Курган  |b О.  |4 340 
801 1 |a RU  |b 63413507  |c 20140219 
801 2 |a RU  |b 63413507  |c 20210930  |g RCR 
942 |c BK